Statistisk Arsbok Göteborg 1985
Gespeichert in:
| Format: | Buch |
|---|---|
| Sprache: | Schwedisch |
| Veröffentlicht: |
Göteborg
Göteborgs Stadskansli
1985
|
| Tags: |
Keine Tags, Fügen Sie das erste Tag hinzu!
|
MARC
| LEADER | 00000nam a2200000 4500 | ||
|---|---|---|---|
| 001 | c110909 | ||
| 005 | 20260327115127.4 | ||
| 041 | 0 | |a swe | |
| 044 | |a SE | ||
| 245 | 1 | 0 | |a Statistisk Arsbok Göteborg 1985 |
| 264 | 1 | |a Göteborg |b Göteborgs Stadskansli |c 1985 | |
| 300 | |a 290 s. | ||